| 000 | 00380nam a22001457a 4500 | ||
|---|---|---|---|
| 082 | _aP-342 | ||
| 100 |
_aAmir Mansoor _948047 |
||
| 245 |
_aDesign of eartyquake resistant dwellings _cAmir Mansoor, Umar Azeem |
||
| 260 |
_aRisalpur _bMCE _c2007 |
||
| 300 | _a81 p. : | ||
| 526 |
_a0 _b0 _c0 _dP_342 |
||
| 650 | _aProject | ||
| 700 | _aLt Col (R) Muhammad Iqbal | ||
| 942 |
_2ddc _cBK |
||
| 999 |
_c551294 _d551294 |
||